La novedad de Jesús: realidad y lenguaje en proceso pascual

Guardat en:
Dades bibliogràfiques
Autor principal: Soding, Gerardo José (Autor)
Format: Llibre
Idioma:espanyol
Publicat: Buenos Aires Agape 2012
Edició:1a. ed
Col·lecció:Colección Academia, 11
Matèries:
Etiquetes: Afegir etiqueta
Sense etiquetes, Sigues el primer a etiquetar aquest registre!

MARC

LEADER 00000cam a2200000 a 4500
001 UCE7517
003 CL-VaPUC
008 150626e20120000ag |||||||||||||||||spa|d
020 |a 9789876402316 
082 0 4 |a 291.2  |b SOD  |2 21 
100 0 |a Soding, Gerardo José  |e author  |9 580161 
245 1 3 |a La novedad de Jesús: realidad y lenguaje en proceso pascual 
250 |a 1a. ed 
300 |a 432 p 
942 |c BK 
945 |d 20150626 15:30:00  |a dcastane 
260 |a Buenos Aires  |b Agape  |c 2012 
650 7 |a RELIGION COMPARADA  |2 CL-VaPUC  |9 580162 
650 7 |a DOCTRINA CRISTIANA  |2 CL-VaPUC  |9 339115 
650 0 |a Cristología   |9 315091 
650 0 |a Antiguo testamento   |9 313678 
650 0 |a Nuevo testamento  |9 257604 
583 |a last modification  |c 20150626 15:30:00  |k Rodrigo Vera 
490 0 |a Colección Academia, 11 
999 |c 359585  |d 359583 
952 |0 0  |1 0  |3 erb  |4 0  |6 291_200000000000000_SOD_2012  |7 0  |8 A  |9 468852  |a BIBTEO  |b BIBTEO  |i 5182727  |o 291.2 SOD 2012  |p 5182727  |r 2024-01-18  |w 2019-11-23  |y BK  |z Catalogado en:20150626  |k ICR